| 000 | 00449nam a2200169 i 4500 | ||
|---|---|---|---|
| 001 | bg | ||
| 100 | 1 |
_aSzymański, Henryk _d(1931- ). |
|
| 245 | 1 | 0 |
_aUrządzenia elektronowiązkowe / _cH. Szymański, K. Friedel, W. Słówko. |
| 260 |
_aWarszawa, _c1990. |
||
| 700 | 1 |
_aFriedel, Kazimierz _d(1938- ). |
|
| 700 | 1 | _aSłówko, Witold. | |
| 040 | _cBPK | ||
| 041 | _apol | ||
| 080 | _a537 | ||
| 942 | _cKS | ||
| 008 | s pl f |000 0 pol | ||
| 999 |
_c4265 _d4265 |
||
| 856 |
_uhttp://koha.tu.koszalin.pl/cgi-bin/koha/opac-detail.pl?biblionumber=4265 _yKatalog online BPK |
||